Freak chronicles /

Bibliographic Details
Main Author: Spiegel, Jennifer
Corporate Author: ebrary, Inc
Format: eBook
Language:English
Published: Westland, MI : Dzanc Books, 2012.
Subjects:
Online Access:Connect to the full text of this electronic book

MARC

Tag First Indicator Second Indicator Subfields
LEADER 00000cam a2200000Ia 4500
001 in00002781059
006 m d
007 cr cn|||||||||
008 120729s2012 miu o 000 1 eng d
005 20250816213753.2
020 |z 9781936873708 
020 |z 9781936873753 
035 |a (CaPaEBR)ebr10580115 
040 |a CaPaEBR  |c CaPaEBR  |d UtOrBLW 
050 1 4 |a PS3619.P539  |b F743 2012eb 
100 1 |a Spiegel, Jennifer. 
245 1 0 |a Freak chronicles /  |c by Jennifer Spiegel. 
264 1 |a Westland, MI :  |b Dzanc Books,  |c 2012. 
300 |a 1 online resource (iv, 261 pages)  
336 |a text  |b txt  |2 rdacontent 
337 |a computer  |b c  |2 rdamedia 
338 |a online resource  |b cr  |2 rdacarrier 
500 |a Electronic resource. 
650 0 |a Eccentrics and eccentricities  |v Fiction. 
650 0 |a American fiction. 
655 7 |a Electronic books.  |2 local 
710 2 |a ebrary, Inc. 
856 4 0 |u https://ebookcentral.proquest.com/lib/tamucs/detail.action?docID=952808  |y Connect to the full text of this electronic book  |t 0 
980 |a 120807  |b 10.99  |c USD  |e 10.99  |f YBP_EBR0000039956  |g 1 
999 f f |s f2617d6a-c049-3f76-8bb9-65789ad17a95  |i 16f4e2e3-0abe-3fc8-9e87-99dc651b2974  |t 0 
999 |a MARS 
952 f f |a Texas A&M University  |b College Station  |c Electronic Resources  |d Available Online  |t 0  |e PS3619.P539 F743 2012eb  |h Library of Congress classification 
998 f f |a PS3619.P539 F743 2012eb  |t 0  |l Available Online